000
00322nam a22001337a 4500
008
171011b xxu||||| |||| 00| 0 eng d
020
_a
9780697343321
041
_a
eng
080
_a
316
100
_a
50
101
_a
SOC
245
_a
SOURCES NOTABLE SELECTIONS IN RACE ETHNICITY
_c
BAKER.D.V
942
_2
udc
_c
BK
999
_c
33182
_d
33182